Travel and street photography : (Record no. 20412)
[ view plain ]
| 000 -LEADER | |
|---|---|
| fixed length control field | 01483cam a2200349 i 4500 |
| 001 - CONTROL NUMBER | |
| control field | 18426148 |
| 003 - CONTROL NUMBER IDENTIFIER | |
| control field | EG-ScBUE |
| 005 - DATE AND TIME OF LATEST TRANSACTION | |
| control field | 20230328091534.0 |
| 008 - FIXED-LENGTH DATA ELEMENTS--GENERAL INFORMATION | |
| fixed length control field | 150105t2015 cauo f 001 0 eng d |
| 020 ## - INTERNATIONAL STANDARD BOOK NUMBER | |
| International Standard Book Number | 9780321988232 |
| 020 ## - INTERNATIONAL STANDARD BOOK NUMBER | |
| International Standard Book Number | 032198823X |
| 040 ## - CATALOGING SOURCE | |
| Original cataloging agency | BTCTA |
| Language of cataloging | eng |
| Description conventions | rda |
| Transcribing agency | BTCTA |
| Modifying agency | BDX |
| -- | UKMGB |
| -- | NZROP |
| -- | OCLCO |
| -- | YDXCP |
| -- | NOG |
| -- | ZQP |
| -- | DLC |
| -- | EG-ScBUE |
| -- | EG-ScBUE |
| 082 04 - DEWEY DECIMAL CLASSIFICATION NUMBER | |
| Classification number | 778.94 |
| Item number | BAT |
| Edition number | 22 |
| 100 1# - MAIN ENTRY--PERSONAL NAME | |
| Personal name | Batdorff, John, |
| Relator term | author. |
| 9 (RLIN) | 38932 |
| 245 10 - TITLE STATEMENT | |
| Title | Travel and street photography : |
| Remainder of title | from snapshots to great shots / |
| Statement of responsibility, etc | John Batdorff. |
| 246 30 - VARYING FORM OF TITLE | |
| Title proper/short title | From snapshots to great shots |
| 246 30 - VARYING FORM OF TITLE | |
| Title proper/short title | Snapshots to great shots |
| 264 #1 - PUBLICATION, DISTRIBUTION, ETC. (IMPRINT) | |
| Place of publication, distribution, etc | [San Francisco] : |
| Name of publisher, distributor, etc | Peachpit Press / Pearson Education, |
| Date of publication, distribution, etc | [2015] |
| 264 #4 - PUBLICATION, DISTRIBUTION, ETC. (IMPRINT) | |
| Date of publication, distribution, etc | c2015 |
| 300 ## - PHYSICAL DESCRIPTION | |
| Extent | xi, 251 pages : |
| Other physical details | photographs (color) ; |
| Dimensions | 23 cm |
| 336 ## - CONTENT TYPE | |
| Source | rdacontent |
| Content type term | text |
| Content type code | txt |
| 337 ## - MEDIA TYPE | |
| Source | rdamedia |
| Media type term | unmediated |
| Media type code | n |
| 338 ## - CARRIER TYPE | |
| Source | rdacarrier |
| Carrier type term | volume |
| Carrier type code | nc |
| 500 ## - GENERAL NOTE | |
| General note | Includes index.<br/> |
| 520 ## - SUMMARY, ETC. | |
| Summary, etc | Whether you're heading to Paris or San Francisco, Patagonia or Yosemite, you need a book that goes beyond the camera manual to teach you how to take great shots. This guide by pro photographer John Batdorff will help you conquer the fundamentals of travel and street photography and capture stunning pictures. |
| 650 #7 - SUBJECT ADDED ENTRY--TOPICAL TERM | |
| Topical term or geographic name as entry element | Travel photography. |
| Source of heading or term | BUEsh |
| 650 #7 - SUBJECT ADDED ENTRY--TOPICAL TERM | |
| Topical term or geographic name as entry element | Street photography. |
| Source of heading or term | BUEsh |
| 651 ## - SUBJECT ADDED ENTRY--GEOGRAPHIC NAME | |
| Source of heading or term | BUEsh |
| 653 ## - INDEX TERM--UNCONTROLLED | |
| Resource For college | Communication and mass media |
| Arrived date list | August2015 |
| -- | December2015 |
| -- | November2016 |
| 655 ## - INDEX TERM--GENRE/FORM | |
| Form subdivision | Reading book |
| 942 ## - ADDED ENTRY ELEMENTS (KOHA) | |
| Source of classification or shelving scheme | Dewey Decimal Classification |
| Call number prefix | 778.94 BAT |
| Koha item type | Book - Borrowing |
| Withdrawn status | Lost status | Source of classification or shelving scheme | Damaged status | Not for loan | Collection code | Home library | Current library | Shelving location | Date acquired | Source of acquisition | Cost, normal purchase price | Serial Enumeration / chronology | Total Checkouts | Total Renewals | Full call number | Barcode | Date last seen | Date checked out | Cost, replacement price | Koha item type | Materials specified (bound volume or other part) | Price effective from |
|---|---|---|---|---|---|---|---|---|---|---|---|---|---|---|---|---|---|---|---|---|---|---|
| Dewey Decimal Classification | Baccah | Central Library | Central Library | Second Floor | 02/08/2015 | Purchase | 200.00 | 21763 | 3 | 5 | 778.94 BAT | 000030679 | 15/07/2025 | 20/11/2022 | 250.00 | Book - Borrowing | ||||||
| Lost | Dewey Decimal Classification | Baccah | Central Library | Central Library | Second Floor | 13/11/2016 | Purchase | 200.00 | 25144 | 778.94 BAT | 000034744 | 15/01/2017 | 250.00 | Book - Borrowing | Lost In Inventory_2017-8-25 | 15/01/2017 |